000 00579nam a2200217Ia 4500
003 OSt
005 20220928145703.0
006 a|||||r|||| 00| 0
007 ta
008 220927b |||||||| |||| 00| 0 eng d
024 _a81828
037 _cTextual
040 _aSDCL
_cSDCL
_beng
041 _2eng
_aeng
082 _aY49(J).52'I, N9
100 _aCohn Samuel K
_9513999
245 0 _aCreatingthe Florentine state
_b Peasants and rebellion,1348-1434
260 _c1999
942 _hY49(J).52'I, N9
_cTEXL
_2CC
999 _c834674
_d834674